header

Chemistry / (Record no. 255910)

MARC details
000 -LEADER
fixed length control field 00861cam a2200289 a 4500
001 - CONTROL NUMBER
control field 16568728
003 - CONTROL NUMBER IDENTIFIER
control field OSt
005 - DATE AND TIME OF LATEST TRANSACTION
control field 20170302100910.0
008 - FIXED-LENGTH DATA ELEMENTS--GENERAL INFORMATION
fixed length control field 101206s2012 maua 001 0 eng
010 ## - LIBRARY OF CONGRESS CONTROL NUMBER
LC control number 2010046950
020 ## - INTERNATIONAL STANDARD BOOK NUMBER
International Standard Book Number 0130872059
040 ## - CATALOGING SOURCE
Original cataloging agency DLC
Transcribing agency DLC
Modifying agency DLC
042 ## - AUTHENTICATION CODE
Authentication code pcc
050 00 - LIBRARY OF CONGRESS CALL NUMBER
Classification number QD33.2
Item number .M36 2001
082 00 - DEWEY DECIMAL CLASSIFICATION NUMBER
Classification number 540
Edition number 22
100 1# - MAIN ENTRY--PERSONAL NAME
Personal name McMurry, John.
245 10 - TITLE STATEMENT
Title Chemistry /
Statement of responsibility, etc John E. McMurry, Robert C. Fay ; with contributions by Jordan Fantini.
250 ## - EDITION STATEMENT
Edition statement 6th ed.
260 ## - PUBLICATION, DISTRIBUTION, ETC. (IMPRINT)
Place of publication, distribution, etc Boston :
Name of publisher, distributor, etc Prentice Hall,
Date of publication, distribution, etc c2012.
300 ## - PHYSICAL DESCRIPTION
Extent xviii, 954, [94] p. :
Other physical details ill. (chiefly col.) ;
Dimensions 29 cm.
500 ## - GENERAL NOTE
General note Includes index.
650 #0 - SUBJECT ADDED ENTRY--TOPICAL TERM
Topical term or geographic name as entry element Chemistry
Form subdivision Textbooks.
700 1# - ADDED ENTRY--PERSONAL NAME
Personal name Fay, Robert C.,
Dates associated with a name 1936-
906 ## - LOCAL DATA ELEMENT F, LDF (RLIN)
a 7
b cbc
c orignew
d 1
e ecip
f 20
g y-gencatlg
942 ## - ADDED ENTRY ELEMENTS (KOHA)
Source of classification or shelving scheme Library of Congress Classification
Koha item type Long Loan Books
Holdings
Withdrawn status Lost status Source of classification or shelving scheme Damaged status Not for loan Collection code Home library Current library Shelving location Date acquired Total Checkouts Full call number Barcode Date last seen Price effective from Koha item type
    Library of Congress Classification     Non-fiction Rongo University Library Rongo University Library General Stacks 02/03/2017   QD33.2 .M36 2001 20168259 02/03/2017 02/03/2017 Long Loan Books

© 2026 Rongo University
Contact us: librarian | system librarian | Rongo university